000 00679nam a2200181 a 4500
001 000035119
005 20200930074121.0
008 111025s1909 sp 000 0 spa d
040 _aDO-SdBNP
_bspa
_cBNPHU
082 _axxxx
_bE18, 1909
100 1 _aEchegaray, Miguel,
_d1870-1922
_960796
245 1 3 _aLa rabalera :
_bzarzuela en un acto y tres cuadros, en prosa /
_cMiguel Echegharay ;música Amadeo Vives.
250 _a2a ed.
260 _aMadrid :
_bR. Velasco, impresor, Marqués de Santa Ana,
_c1909.
300 _a41 p. ;
_c20 cm.
500 _aEstrenada en el Teatro de la Zarzuela en la noche del 22 de marzo de 1907.
500 _aIncluye notas al pie de las páginas.
999 _c34610
_d34610